Giáo trình đá cầu Giáo trình dùng cho sinh viên CĐSP chuyên ngành GDTC

Sơ lược lịch sử đá cầu. Thực trạng và xu hướng phát triển môn đá cầu ở Việt Nam, ý nghĩa và tác dụng của môn đá cầu với người tập. Trình bày nguyên lí kĩ thuật, chiến thuật cơ bản, phương pháp giảng và tập luyện, nhũng điểm cơ bản trong luật đá cầu, phương pháp tổ chức thi đấu trọng tài thi đấu...

Full description

Saved in:
Bibliographic Details
Main Author: Đặng Ngọc Quang (tác giả)
Format: Book
Language:Vietnamese
Published: H. Đại học Sư phạm 2003
Subjects:
Tags: Add Tag
No Tags, Be the first to tag this record!
Institutions: Mạng thư viện Đại học Đà Nẵng
LEADER 01524nam a2200337 4500
001 000009456
003 5653
005 20111027141033.0
008 111027s2003 viesd
041 0 |a vie 
082 |a 796.1  |b ĐA-Q 
100 0 |a Đặng Ngọc Quang 
245 0 |a Giáo trình đá cầu  |b Giáo trình dùng cho sinh viên CĐSP chuyên ngành GDTC  |c Đặng Ngọc Quang 
260 |a H.  |b Đại học Sư phạm  |c 2003 
300 |a 139tr.  |b hình vẽ  |c 24cm 
504 |a Thư mục: tr. 139 
520 |a Sơ lược lịch sử đá cầu. Thực trạng và xu hướng phát triển môn đá cầu ở Việt Nam, ý nghĩa và tác dụng của môn đá cầu với người tập. Trình bày nguyên lí kĩ thuật, chiến thuật cơ bản, phương pháp giảng và tập luyện, nhũng điểm cơ bản trong luật đá cầu, phương pháp tổ chức thi đấu trọng tài thi đấu 
653 |a Giáo trình 
653 |a Thể dục thể thao 
653 |a đá cầu 
700 |a Đặng Ngọc Quang  |e tác giả 
OWN |a LSP 
AVA |a UDN50  |b LSP  |d 796.1 ĐA-Q  |e available  |t Error 5001 Not defined in file expand_doc_bib_avail.  |f 3  |g 0  |h N  |i 0  |k 1 
999 |a From the UDN01 
AVA |a UDN50  |b LSP  |d 796.1 ĐA-Q  |e available  |t Error 5001 Not defined in file expand_doc_bib_avail.  |f 3  |g 0  |h N  |i 0  |k 1 
TYP |a Monograph 
TYP |a Printed language 
980 |a Mạng thư viện Đại học Đà Nẵng